[Event "CZECH OPEN 2011 "]
[Site "Pardubice (CZE)"]
[Date "2011.07.25"]
[Round "4.88"]
[White "Mishuchkov, Nikolai"]
[Black "Oresky, Jan"]
[Result "1-0"]
[WhiteElo "2415"]
[BlackElo "2223"]
[PlyCount "71"]
[EventDate "2011.07.22"]

1. d4 Nf6 2. Nf3 e6 3. c4 b6 4. g3 Ba6 5. Qa4 Bb7 6. Bg2 Be7 7. O-O O-O 8. Qc2
c5 9. dxc5 bxc5 10. Nc3 Nc6 11. Bg5 h6 12. Bf4 d5 13. cxd5 exd5 14. Rfd1 Qb6
15. Qb3 Nb4 16. Na4 Qe6 17. a3 c4 18. Qc3 Nc6 19. Be3 Ne4 20. Qc2 Rfd8 21. Nd4
Nxd4 22. Bxd4 Rac8 23. Bxa7 f5 24. e3 g5 25. Nc3 f4 26. Nxe4 dxe4 27. Rxd8+
Rxd8 28. Bd4 fxe3 29. fxe3 Rf8 30. Rf1 Rxf1+ 31. Bxf1 Bd5 32. Qa4 Qf7 33. Qa7
h5 34. Qb8+ Kh7 35. Qe5 g4 36. Bg2 1-0

[Event "CZECH OPEN 2011 "]
[Site "Pardubice (CZE)"]
[Date "2011.07.25"]
[Round "4.89"]
[White "Sergienko, Sergey"]
[Black "Andersen, Alf"]
[Result "1-0"]
[WhiteElo "2411"]
[BlackElo "2218"]
[PlyCount "73"]
[EventDate "2011.07.22"]

1. e4 d6 2. d4 Nf6 3. Nc3 g6 4. Bg5 Bg7 5. Qd2 h6 6. Bh4 g5 7. Bg3 Nh5 8. O-O-O
Nc6 9. Nge2 Bd7 10. f3 Nxg3 11. hxg3 e6 12. f4 Qf6 13. e5 Qe7 14. Ne4 O-O-O 15.
N2c3 Nb4 16. a3 Nd5 17. exd6 cxd6 18. Nxd5 exd5 19. Nc3 Bc6 20. Be2 f5 21. b4
a6 22. a4 b5 23. axb5 axb5 24. Bxb5 Bxb5 25. Nxb5 Qb7 26. Qd3 Kb8 27. Kb2 Rc8
28. c3 Rc6 29. Ra1 Rhc8 30. Ra7 Qxa7 31. Nxa7 Kxa7 32. Qb5 Rb6 33. Ra1+ Kb7 34.
Qxd5+ Rcc6 35. Qxf5 Bxd4 36. Qd7+ Rc7 37. Ra7+ 1-0

[Event "CZECH OPEN 2011 "]
[Site "Pardubice (CZE)"]
[Date "2011.07.25"]
[Round "4.93"]
[White "Pribyl, Josef"]
[Black "Bartos, Jan"]
[Result "1/2-1/2"]
[WhiteElo "2328"]
[BlackElo "2215"]
[PlyCount "45"]
[EventDate "2011.07.22"]

1. f4 Nf6 2. Nf3 g6 3. b3 Bg7 4. Bb2 O-O 5. e3 d6 6. Be2 Nbd7 7. O-O e5 8. fxe5
Ng4 9. Nc3 Ngxe5 10. Nxe5 Nxe5 11. d4 Nc6 12. Bc4 a6 13. Qf3 Be6 14. Bxe6 fxe6
15. Qg4 Qe7 16. Ne4 Rf5 17. Ng3 Qg5 18. Qe4 Rxf1+ 19. Rxf1 Re8 20. a3 d5 21.
Qd3 Rf8 22. Rxf8+ Bxf8 23. e4 1/2-1/2

[Event "CZECH OPEN 2011 "]
[Site "Pardubice (CZE)"]
[Date "2011.07.25"]
[Round "4.96"]
[White "Ruckschloss, Karol"]
[Black "Rodriguez, Fernandez Juan"]
[Result "1-0"]
[WhiteElo "2312"]
[BlackElo "2198"]
[PlyCount "81"]
[EventDate "2011.07.22"]

1. c4 Nf6 2. d4 g6 3. Nc3 Bg7 4. e4 d6 5. Be2 O-O 6. h4 e5 7. d5 c6 8. h5 cxd5
9. cxd5 Na6 10. g4 Qa5 11. Bd2 Qb4 12. f3 Bd7 13. h6 Bh8 14. Nb5 Qc5 15. Qc1
Rfc8 16. Qxc5 dxc5 17. Nd6 Rcb8 18. Rc1 Ne8 19. Nxe8 Bxe8 20. b3 Bf6 21. g5 Be7
22. Nh3 Bd7 23. Nf2 Bd6 24. Be3 Rc8 25. Bxa6 bxa6 26. Nd3 Rc7 27. Bxc5 Rac8 28.
b4 Bb5 29. Kd2 Bxd3 30. Bxd6 Rxc1 31. Rxc1 Rxc1 32. Kxc1 Be2 33. Kd2 Bxf3 34.
Ke3 Bg4 35. Bxe5 f5 36. gxf6 Kf7 37. Kf4 Bh3 38. Bd4 Bg2 39. Ke5 g5 40. Bxa7 g4
41. Bf2 1-0

[Event "CZECH OPEN 2011 "]
[Site "Pardubice (CZE)"]
[Date "2011.07.25"]
[Round "4.101"]
[White "Radovic, Stefan"]
[Black "Adamek, Jiri"]
[Result "0-1"]
[WhiteElo "2158"]
[BlackElo "2289"]
[PlyCount "98"]
[EventDate "2011.07.22"]

1. c4 c5 2. g3 Nc6 3. Bg2 g6 4. Nc3 Bg7 5. Nf3 e5 6. O-O Nge7 7. Ne1 O-O 8. Nc2
Rb8 9. a3 a5 10. Rb1 d6 11. d3 Be6 12. Ne3 Qd7 13. Bd2 f5 14. Ned5 Rf7 15. Bg5
Kh8 16. Bxe7 Bxd5 17. Nxd5 Nxe7 18. b4 axb4 19. axb4 Nxd5 20. Bxd5 Rf6 21. bxc5
dxc5 22. Rb5 b6 23. Qb3 Qd6 24. Ra1 e4 25. Rd1 exd3 26. Rxd3 f4 27. Bf3 Qc7 28.
Qd1 Rf7 29. Kg2 Bd4 30. Rbb3 Rbf8 31. Bd5 Rf6 32. Rf3 Be5 33. Ra3 Bd4 34. Ra8
Rxa8 35. Bxa8 Qf7 36. Bd5 Qf8 37. Ra3 fxg3 38. Ra8 Rxf2+ 39. Kxg3 Be5+ 40. Kg4
h5+ 41. Kg5 Bf6+ 42. Kxg6 Bd8 43. Rxd8 Rf6+ 44. Kg5 Qxd8 45. Qa1 Kg7 46. Kxh5
Qe8+ 47. Kh4 Qxe2 48. Qg1+ Rg6 49. Qa1+ Kh7 0-1

[Event "CZECH OPEN 2011 "]
[Site "Pardubice (CZE)"]
[Date "2011.07.25"]
[Round "4.102"]
[White "Mukashev, Assan"]
[Black "Gafner, Evgeny J"]
[Result "1/2-1/2"]
[WhiteElo "2153"]
[BlackElo "2287"]
[PlyCount "41"]
[EventDate "2011.07.22"]

1. d4 Nf6 2. Nf3 c5 3. d5 b5 4. a4 Bb7 5. e4 Nxe4 6. axb5 Nf6 7. c4 d6 8. Be2
g6 9. b4 cxb4 10. Qa4 Bg7 11. Bb2 O-O 12. Qxb4 a6 13. O-O axb5 14. Rxa8 Bxa8
15. Qxb5 Nbd7 16. Nbd2 Qc7 17. Qa4 Nc5 18. Qc2 e6 19. dxe6 fxe6 20. Re1 Nfe4
21. Bf1 1/2-1/2

[Event "CZECH OPEN 2011 "]
[Site "Pardubice (CZE)"]
[Date "2011.07.25"]
[Round "4.103"]
[White "Hoellmann, Ludger"]
[Black "Overbeck, Thorsten"]
[Result "0-1"]
[WhiteElo "2143"]
[BlackElo "2285"]
[PlyCount "80"]
[EventDate "2011.07.22"]

1. d4 d5 2. Bf4 c5 3. e3 Nc6 4. Nf3 Nf6 5. c3 Qb6 6. Qb3 c4 7. Qxb6 axb6 8.
Nbd2 b5 9. Ne5 b4 10. e4 e6 11. Be2 Nd7 12. exd5 exd5 13. Nxc6 bxc6 14. O-O
bxc3 15. bxc3 Ba3 16. Rab1 O-O 17. Rfe1 Ba6 18. Bd1 Bb5 19. Nf3 Rfe8 20. Rxe8+
Rxe8 21. Kf1 f6 22. Bc2 Ra8 23. Nd2 g6 24. Ke2 Kf7 25. h4 Be7 26. Rb2 Ba3 27.
Rb1 Be7 28. Rb2 Ke6 29. Nf3 Ra3 30. Nd2 Rxc3 31. Nb1 Rb3 32. axb3 c3+ 33. Bd3
cxb2 34. Bxb5 cxb5 35. Kd3 Kf5 36. Be3 Kg4 37. g3 f5 38. Kc2 Nb8 39. Bf4 Nc6
40. f3+ Kh3 0-1

[Event "CZECH OPEN 2011 "]
[Site "Pardubice (CZE)"]
[Date "2011.07.25"]
[Round "4.104"]
[White "Folkova, Martina"]
[Black "Havlikova, Kristyna"]
[Result "1/2-1/2"]
[WhiteElo "2136"]
[BlackElo "2280"]
[PlyCount "113"]
[EventDate "2011.07.22"]

1. e4 c5 2. Nf3 Nc6 3. d4 cxd4 4. Nxd4 g6 5. Nc3 Bg7 6. Be3 Nf6 7. Bc4 Qa5 8.
Nb3 Qc7 9. Be2 d6 10. O-O O-O 11. h3 b6 12. Qd2 Re8 13. Bh6 Bh8 14. f4 Bb7 15.
Rae1 Na5 16. Nxa5 bxa5 17. Bf3 Nd7 18. Nd1 Rac8 19. c3 a4 20. a3 Ba6 21. Be2
Qc5+ 22. Kh1 Bxe2 23. Qxe2 Rb8 24. Qf3 Qc6 25. Re2 Rb5 26. Bg5 Bg7 27. Bh4 Qb7
28. Rff2 Nf6 29. Bxf6 Bxf6 30. Ne3 e6 31. Ng4 Bg7 32. Rd2 f5 33. Ne3 fxe4 34.
Qg3 d5 35. h4 Qf7 36. Ng4 Rb3 37. h5 Qf5 38. hxg6 hxg6 39. Ne5 Qh5+ 40. Kg1 Kh7
41. Qe3 Bxe5 42. fxe5 Rb7 43. g4 Qxe5 44. Rh2+ Kg8 45. Rh6 Ree7 46. Rdh2 Rh7
47. Rxg6+ Kh8 48. Rgh6 Rbg7 49. Qh3 Rxh6 50. Qxh6+ Kg8 51. Qh8+ Kf7 52. Rf2+
Ke7 53. Qf8+ Kd7 54. Rf7+ Rxf7 55. Qxf7+ Kc6 56. Qe8+ Kb6 57. Qd8+ 1/2-1/2

[Event "CZECH OPEN 2011 "]
[Site "Pardubice (CZE)"]
[Date "2011.07.26"]
[Round "5.25"]
[White "Lokander, Martin"]
[Black "Gavrilov, Alexei"]
[Result "1-0"]
[WhiteElo "2044"]
[BlackElo "2481"]
[PlyCount "87"]
[EventDate "2011.07.22"]

1. d4 Nf6 2. c4 e6 3. Nc3 Bb4 4. f3 c5 5. d5 d6 6. e4 O-O 7. Bd3 b5 8. Nge2
bxc4 9. Bxc4 Ba6 10. Qd3 Bxc4 11. Qxc4 exd5 12. exd5 Nbd7 13. O-O Ne5 14. Qh4
Qb6 15. Rb1 Rfe8 16. Bg5 Nfd7 17. a3 Bxc3 18. Nxc3 Rab8 19. Be3 Qa6 20. Ne4 Rb3
21. Bf4 Ng6 22. Qg4 Nde5 23. Qf5 Nxf4 24. Qxf4 h6 25. Rfe1 Kh8 26. Qf5 Qb6 27.
Kh1 c4 28. h4 Qd8 29. h5 Nd3 30. Re2 Qh4+ 31. Kg1 Qf4 32. Nf6 gxf6 33. Rxe8+
Kg7 34. Qxf4 Nxf4 35. Re4 Nxd5 36. Rxc4 Rd3 37. Ra4 Rd2 38. Rxa7 f5 39. b4 Ne3
40. Kh1 f4 41. b5 Kf6 42. b6 Rxg2 43. b7 Rg5 44. Rb6 1-0

[Event "CZECH OPEN 2011 "]
[Site "Pardubice (CZE)"]
[Date "2011.07.26"]
[Round "5.27"]
[White "Gorbatov, Alexej"]
[Black "Sengupta, Deep"]
[Result "0-1"]
[WhiteElo "2375"]
[BlackElo "2563"]
[PlyCount "98"]
[EventDate "2011.07.22"]

1. e4 e6 2. Qe2 e5 3. Nf3 Nc6 4. g3 d6 5. Bg2 g6 6. O-O Bg7 7. c3 Nge7 8. Rd1
O-O 9. d4 exd4 10. Nxd4 Bd7 11. Bg5 h6 12. Be3 Qc8 13. Nd2 Bh3 14. Bh1 Ne5 15.
Nc4 Re8 16. Nxe5 dxe5 17. Nc2 a5 18. f4 Be6 19. Bf2 Rd8 20. Rxd8+ Qxd8 21. Ne3
Ra6 22. Rd1 Rd6 23. Rxd6 Qxd6 24. a3 c6 25. Bg2 Nc8 26. Nc4 Qc7 27. Bf1 Bf8 28.
b4 axb4 29. axb4 h5 30. Qe3 b5 31. Nb2 Nd6 32. Qa7 Qd8 33. Qb6 Qc8 34. Be3 f6
35. Qa7 Bf7 36. Bc5 Qd8 37. Bb6 Qc8 38. Bc5 Qe6 39. Qb8 Ne8 40. Bxf8 Kxf8 41.
Qd8 Qa2 42. Qd2 Kg7 43. h4 Nc7 44. Qf2 Qa1 45. Kg2 Qc1 46. Nd3 Qxc3 47. Qc5
Qd2+ 48. Nf2 Ne6 49. Qxc6 Nd4 0-1

[Event "CZECH OPEN 2011 "]
[Site "Pardubice (CZE)"]
[Date "2011.07.26"]
[Round "5.29"]
[White "Kovalev, Andrei"]
[Black "Dann, Matthias"]
[Result "1-0"]
[WhiteElo "2531"]
[BlackElo "2373"]
[PlyCount "85"]
[EventDate "2011.07.22"]

1. e4 c5 2. Nc3 a6 3. Nf3 d6 4. d4 cxd4 5. Nxd4 Nf6 6. Be2 e5 7. Nb3 Be7 8. O-O
O-O 9. a4 Be6 10. Bf3 Nbd7 11. Re1 b6 12. Nd2 Ne8 13. Nf1 Bg5 14. Ne3 g6 15. g3
Rc8 16. Bg2 Kh8 17. h4 Bh6 18. h5 Ndf6 19. hxg6 fxg6 20. Ncd5 Nxd5 21. Nxd5
Bxc1 22. Rxc1 Bxd5 23. Qxd5 b5 24. axb5 Qb6 25. Qd2 axb5 26. Qe3 Qb8 27. Re2 b4
28. Rd1 Rc5 29. Qb3 Kg7 30. Red2 Rf7 31. Ra1 Rb7 32. Ra6 Rcc7 33. Bf1 Ra7 34.
Rxa7 Rxa7 35. Qe6 Qa8 36. Rd1 Rc7 37. Bb5 Kf8 38. Rd3 Rf7 39. Bc4 Rf6 40. Qg8+
Ke7 41. Qxh7+ Kf8 42. Bb5 Qb8 43. Qh8+ 1-0

[Event "CZECH OPEN 2011 "]
[Site "Pardubice (CZE)"]
[Date "2011.07.26"]
[Round "5.30"]
[White "Andre, Gordon"]
[Black "Petr, Martin"]
[Result "0-1"]
[WhiteElo "2368"]
[BlackElo "2523"]
[PlyCount "102"]
[EventDate "2011.07.22"]

1. d4 d5 2. c4 e6 3. Nc3 c6 4. cxd5 exd5 5. Qc2 Na6 6. a3 Nc7 7. Nf3 Ne6 8. g3
Nf6 9. Bg2 Bd6 10. O-O O-O 11. b4 Bd7 12. Qb3 b5 13. Re1 a5 14. bxa5 Rxa5 15.
Bd2 Qa8 16. e4 Rxa3 17. Rxa3 Qxa3 18. Qxa3 Bxa3 19. exd5 cxd5 20. Ne5 Nxd4 21.
Nxd7 Nxd7 22. Nxd5 Bc5 23. Rd1 Rb8 24. Kf1 Ne6 25. f4 Kf8 26. Bc3 g6 27. h4 h5
28. Bh3 f5 29. Bg2 Nb6 30. Nf6 b4 31. Be5 Rd8 32. Rxd8+ Nxd8 33. Ke2 Ke7 34.
Nh7 Ne6 35. Ng5 Nc4 36. Bd5 Nxg5 37. hxg5 Nxe5 38. fxe5 Bd4 39. e6 Be5 40. Kf3
Bb2 41. Bb3 Bc1 42. Kf2 Bxg5 43. Kf3 Kd6 44. Ba2 Ke5 45. Bb3 Be7 46. Ke3 g5 47.
Kf3 g4+ 48. Kg2 Kf6 49. Kf2 Bc5+ 50. Kg2 Kg5 51. Bc2 f4 0-1

[Event "CZECH OPEN 2011 "]
[Site "Pardubice (CZE)"]
[Date "2011.07.26"]
[Round "5.31"]
[White "Luther, Thomas"]
[Black "Jasny, Stanislav"]
[Result "1/2-1/2"]
[WhiteElo "2515"]
[BlackElo "2366"]
[PlyCount "73"]
[EventDate "2011.07.22"]

1. e4 c5 2. Nf3 Nc6 3. d4 cxd4 4. Nxd4 Nf6 5. Nc3 d6 6. Bg5 e6 7. Qd2 Be7 8.
O-O-O O-O 9. f3 a6 10. h4 Nxd4 11. Qxd4 b5 12. Kb1 Bb7 13. Qd2 Rc8 14. Bd3 Nd7
15. Bxe7 Qxe7 16. h5 Rfd8 17. h6 g6 18. Rde1 f6 19. f4 e5 20. g3 Nb6 21. Rhf1
Rf8 22. a3 Qc7 23. Rd1 Rcd8 24. Qe1 Qc5 25. Be2 b4 26. axb4 Qxb4 27. fxe5 dxe5
28. Rxd8 Rxd8 29. Qf2 Rd6 30. Rd1 Rxd1+ 31. Nxd1 Kf7 32. Bd3 Qd4 33. Qe2 a5 34.
Nc3 Bc6 35. Bb5 Bb7 36. Ba6 Bc6 37. Bb5 1/2-1/2

[Event "CZECH OPEN 2011 "]
[Site "Pardubice (CZE)"]
[Date "2011.07.26"]
[Round "5.34"]
[White "Gutman, Gennadi"]
[Black "Oparin, Grigoriy"]
[Result "1/2-1/2"]
[WhiteElo "2501"]
[BlackElo "2356"]
[PlyCount "75"]
[EventDate "2011.07.22"]

1. d4 d5 2. Nf3 Nf6 3. c4 e6 4. Nc3 Be7 5. Bg5 h6 6. Bh4 O-O 7. e3 b6 8. Bd3
Bb7 9. O-O Nbd7 10. Qe2 c5 11. cxd5 exd5 12. Rad1 Ne4 13. Bg3 Qc8 14. Rc1 Ndf6
15. dxc5 Nxc3 16. Rxc3 bxc5 17. Nd4 Ne4 18. Bxe4 dxe4 19. b4 Rd8 20. h3 a5 21.
bxc5 Ba6 22. Nb5 Rd5 23. Rfc1 a4 24. Rb1 Rxc5 25. Rxc5 Qxc5 26. Qb2 Rc8 27. Kh2
a3 28. Qb3 Qc2 29. Nd6 Bxd6 30. Bxd6 Qxf2 31. Qxa3 Rc2 32. Rg1 Rxa2 33. Qc5 Bf1
34. Qc8+ Kh7 35. Qg4 f5 36. Qf4 Qxf4+ 37. Bxf4 Be2 38. h4 1/2-1/2

[Event "CZECH OPEN 2011 "]
[Site "Pardubice (CZE)"]
[Date "2011.07.26"]
[Round "5.39"]
[White "Bryzgalin, Kirill"]
[Black "Kulovana, Eva"]
[Result "1-0"]
[WhiteElo "2469"]
[BlackElo "2330"]
[PlyCount "91"]
[EventDate "2011.07.22"]

1. d4 d5 2. c4 c6 3. Nf3 Nf6 4. Qb3 dxc4 5. Qxc4 Bf5 6. g3 e6 7. Bg2 Nbd7 8.
O-O Be7 9. e3 O-O 10. Qe2 Ne4 11. Ne1 e5 12. g4 Bg6 13. dxe5 Nec5 14. f4 f5 15.
gxf5 Rxf5 16. e4 Rf8 17. Be3 Bf7 18. b4 Na4 19. Bh3 Ndb6 20. e6 Be8 21. a3 a5
22. Nc2 c5 23. bxc5 Bxc5 24. Bxc5 Nxc5 25. Nd2 Bc6 26. Qe3 Qe7 27. Nd4 Rad8 28.
Rac1 Nba4 29. Rc2 Qf6 30. Rc4 Bb5 31. Nxb5 Rd3 32. Qf2 Rxh3 33. Rxc5 Nxc5 34.
Qxc5 Qxe6 35. f5 Qh6 36. Nf3 Qf4 37. Qd5+ Kh8 38. Nbd4 Re8 39. e5 h6 40. e6
Qe3+ 41. Kg2 Rh5 42. Qd6 Qe4 43. Re1 Qg4+ 44. Qg3 Rg5 45. Nxg5 Qxd4 46. Nf7+
1-0

[Event "CZECH OPEN 2011 "]
[Site "Pardubice (CZE)"]
[Date "2011.07.26"]
[Round "5.40"]
[White "Strunski, Andreas"]
[Black "Levin, Evgeny A"]
[Result "0-1"]
[WhiteElo "2352"]
[BlackElo "2465"]
[PlyCount "80"]
[EventDate "2011.07.22"]

1. d4 Nf6 2. c4 g6 3. Nc3 Bg7 4. e4 d6 5. Nge2 O-O 6. Ng3 c6 7. Be2 a6 8. f4 e5
9. fxe5 dxe5 10. d5 b5 11. b3 cxd5 12. cxd5 Ne8 13. O-O Nd6 14. Be3 Nd7 15. Qd2
Bb7 16. Rac1 Rc8 17. Bg4 h5 18. Bh3 h4 19. Bg5 Qb6+ 20. Kh1 hxg3 21. Bxd7 Rc7
22. Bh3 Qd4 23. Rfe1 gxh2 24. Be3 Qxd2 25. Bxd2 f5 26. Kxh2 Rfc8 27. a3 Kh7 28.
g4 Nxe4 29. Nxe4 fxe4 30. d6 Rc2 31. Rcd1 Rd8 32. Kg3 Rxd6 33. Be3 Rxd1 34.
Rxd1 Rc3 35. Kf2 Rd3 36. Rd2 Rxe3 37. Kxe3 Bh6+ 38. Ke2 Bxd2 39. Kxd2 Kh6 40.
Ke3 Kg5 0-1

[Event "CZECH OPEN 2011 "]
[Site "Pardubice (CZE)"]
[Date "2011.07.26"]
[Round "5.41"]
[White "Smith, Axel"]
[Black "Bruedigam, Martin"]
[Result "1-0"]
[WhiteElo "2465"]
[BlackElo "2322"]
[PlyCount "95"]
[EventDate "2011.07.22"]

1. d4 Nf6 2. c4 e6 3. Nf3 b6 4. a3 Bb7 5. Nc3 d5 6. cxd5 exd5 7. Qa4+ c6 8. Bg5
Be7 9. e3 O-O 10. Bd3 Ne4 11. Bf4 Nxc3 12. bxc3 Nd7 13. O-O Re8 14. Bg3 b5 15.
Qc2 g6 16. Nd2 Nb6 17. e4 Nc4 18. e5 a5 19. a4 Ba6 20. Rae1 Na3 21. Qc1 b4 22.
Bxa6 Rxa6 23. f4 bxc3 24. Qxc3 Bb4 25. Qd3 Nc4 26. Nxc4 dxc4 27. Qxc4 Bxe1 28.
Qxa6 Bxg3 29. hxg3 Qxd4+ 30. Kh2 Qxa4 31. Rc1 Qb5 32. Rxc6 Qxa6 33. Rxa6 Rc8
34. Rxa5 h5 35. Kh3 Rc2 36. Ra7 Re2 37. Rc7 Re3 38. Kh4 Kg7 39. g4 hxg4 40. g3
Re2 41. Re7 Kf8 42. Ra7 Kg7 43. Kg5 Re3 44. Re7 Ra3 45. f5 Kf8 46. Kf6 gxf5 47.
Rxf7+ Kg8 48. e6 1-0

[Event "CZECH OPEN 2011 "]
[Site "Pardubice (CZE)"]
[Date "2011.07.26"]
[Round "5.46"]
[White "Breder, Dennis"]
[Black "Kjartansson, Gudmundur"]
[Result "1/2-1/2"]
[WhiteElo "2443"]
[BlackElo "2310"]
[PlyCount "28"]
[EventDate "2011.07.22"]

1. e4 c6 2. d4 d5 3. Nc3 dxe4 4. Nxe4 Bf5 5. Ng3 Bg6 6. Nf3 Nf6 7. Bd3 e6 8.
O-O Nbd7 9. b3 Bd6 10. c4 O-O 11. Bxg6 hxg6 12. Qe2 Qc7 13. Bb2 Rfe8 14. Rfe1
c5 1/2-1/2

[Event "CZECH OPEN 2011 "]
[Site "Pardubice (CZE)"]
[Date "2011.07.26"]
[Round "5.48"]
[White "Yuffa, Daniil"]
[Black "Talla, Vladimir"]
[Result "1/2-1/2"]
[WhiteElo "2302"]
[BlackElo "2427"]
[PlyCount "52"]
[EventDate "2011.07.22"]

1. d4 Nf6 2. Nf3 g6 3. g3 Bg7 4. Bg2 O-O 5. O-O d5 6. c4 c6 7. cxd5 cxd5 8. Nc3
e6 9. Bf4 Nc6 10. Rc1 Bd7 11. Bd6 Re8 12. Ne5 Qb6 13. Bc5 Qa5 14. Nxc6 Bxc6 15.
b4 Qd8 16. b5 b6 17. bxc6 bxc5 18. dxc5 Rc8 19. Qa4 Qc7 20. e4 Qxc6 21. Qxa7
dxe4 22. Qb6 Qxc5 23. Qxc5 Rxc5 24. Nxe4 Nxe4 25. Bxe4 Rxc1 26. Rxc1 Rb8
1/2-1/2

[Event "CZECH OPEN 2011 "]
[Site "Pardubice (CZE)"]
[Date "2011.07.26"]
[Round "5.55"]
[White "Aliev, Rasim"]
[Black "Plat, Vojtech"]
[Result "0-1"]
[WhiteElo "2211"]
[BlackElo "2410"]
[PlyCount "148"]
[EventDate "2011.07.22"]

1. Nf3 Nf6 2. g3 g6 3. Bg2 Bg7 4. d3 O-O 5. O-O d6 6. c3 c5 7. Nbd2 Nc6 8. e4
Rb8 9. a4 a6 10. Qe2 b5 11. axb5 axb5 12. d4 cxd4 13. Nxd4 Nxd4 14. cxd4 Nd7
15. Nb3 Nb6 16. Bf4 Nc4 17. Ra7 Qb6 18. Rfa1 Bb7 19. e5 dxe5 20. dxe5 Bxg2 21.
Kxg2 Qc6+ 22. Kg1 Ra8 23. Rxa8 Rxa8 24. Rxa8+ Qxa8 25. Nd4 Qd5 26. Nf3 h6 27.
h4 Kh7 28. Kg2 b4 29. Qe1 g5 30. hxg5 hxg5 31. Qb1+ Kg8 32. Qf5 f6 33. Qc8+ Kf7
34. b3 Nb6 35. e6+ Kg6 36. Qe8+ Kf5 37. Be3 Kg4 38. Bxb6 Qxf3+ 39. Kh2 Qe4 40.
Qg8 Bh6 41. Qf7 f5 42. Qg6 Bf8 43. Be3 Kf3 44. Qxg5 Ke2 45. Qh5+ Ke1 46. Kg1
Qxe6 47. Qh8 Qf6 48. Qh3 Kd1 49. Qf1+ Kc2 50. Qc4+ Qc3 51. Qf7 Bg7 52. Qxe7
Kxb3 53. Bc5 Bd4 54. Bxb4 Qxg3+ 55. Kh1 Qf3+ 56. Kh2 Qxf2+ 57. Kh3 Qf1+ 58. Kh4
Qf4+ 59. Kh3 Qg4+ 60. Kh2 Bg1+ 61. Kh1 Bf2 62. Qe6+ Kxb4 63. Qd6+ Kc4 64. Qc6+
Bc5 65. Qa4+ Kd5 66. Qd7+ Ke5 67. Qe8+ Kd4 68. Qa4+ Ke5 69. Qe8+ Kf4 70. Qb8+
Kf3 71. Qb3+ Be3 72. Qd1+ Kf2 73. Qc2+ Kg3 74. Qg2+ Kf4 0-1

[Event "CZECH OPEN 2011 "]
[Site "Pardubice (CZE)"]
[Date "2011.07.26"]
[Round "5.64"]
[White "Zpevak, Pavel"]
[Black "Racz, Zoltan"]
[Result "1-0"]
[WhiteElo "2409"]
[BlackElo "2271"]
[PlyCount "87"]
[EventDate "2011.07.22"]

1. d4 Nf6 2. Nf3 g6 3. c4 Bg7 4. Nc3 d6 5. Bg5 h6 6. Bh4 g5 7. Bg3 Nh5 8. e3 c5
9. d5 Qa5 10. Qc2 Nd7 11. Be2 Nxg3 12. hxg3 Nb6 13. Nd2 Bd7 14. Nb3 Bxc3+ 15.
Kf1 Qb4 16. a3 Bf5 17. Qxc3 Qxc3 18. bxc3 e6 19. Nd2 e5 20. f4 f6 21. Kf2 Ke7
22. Rh2 Na4 23. Rc1 gxf4 24. gxf4 exf4 25. exf4 Rag8 26. Rh4 Nb2 27. Rch1 Na4
28. g4 Bd7 29. R1h3 h5 30. Re3+ Kd8 31. gxh5 Bf5 32. Bd3 Bxd3 33. Rxd3 f5 34.
Re3 Rg4 35. Rxg4 fxg4 36. Kg3 Rxh5 37. Kxg4 Rh8 38. f5 Nb6 39. f6 Nd7 40. Kf5
Ne5 41. Rg3 Re8 42. Ne4 Nf7 43. Rg7 Re5+ 44. Kf4 1-0

[Event "CZECH OPEN 2011 "]
[Site "Pardubice (CZE)"]
[Date "2011.07.26"]
[Round "5.72"]
[White "Swan, Iain"]
[Black "Alvarez Fernandez, Enrique"]
[Result "1/2-1/2"]
[WhiteElo "2248"]
[BlackElo "2377"]
[PlyCount "103"]
[EventDate "2011.07.22"]

1. e4 c5 2. Nf3 a6 3. c3 d5 4. exd5 Qxd5 5. d4 cxd4 6. cxd4 e6 7. Nc3 Qa5 8.
Bd3 Nf6 9. O-O Bb4 10. Bd2 O-O 11. a3 Be7 12. Qe2 Nc6 13. Rad1 Qh5 14. Rfe1 Rd8
15. Bf4 b5 16. Ne4 Bb7 17. Nxf6+ Bxf6 18. Be4 h6 19. Be5 Be7 20. Rc1 Rac8 21.
Qe3 Ba8 22. h3 Bf8 23. Kh2 Nxe5 24. Nxe5 Rxc1 25. Rxc1 Bxe4 26. Qxe4 Qf5 27.
Qxf5 exf5 28. Nc6 Rd6 29. Kg3 g5 30. Kf3 Kg7 31. Ke3 Kf6 32. Ne5 Ke6 33. Rc7
Bg7 34. Rxf7 Bxe5 35. dxe5 Kxe5 36. Re7+ Kd5 37. Kd3 Rf6 38. Rd7+ Ke5 39. Ke3
Rb6 40. b4 Rc6 41. Kd3 Rc1 42. Ra7 Rd1+ 43. Ke2 Rd6 44. Re7+ Kd4 45. f4 gxf4
46. Kf3 Kc4 47. Kxf4 Rd3 48. Rc7+ Kb3 49. Rc6 Kxa3 50. Rxa6+ Kxb4 51. Rxh6 Rd5
52. g4 1/2-1/2

[Event "CZECH OPEN 2011 "]
[Site "Pardubice (CZE)"]
[Date "2011.07.26"]
[Round "5.73"]
[White "Studnicka, Tomas"]
[Black "Gruenter, Martin"]
[Result "1/2-1/2"]
[WhiteElo "2374"]
[BlackElo "2241"]
[PlyCount "45"]
[EventDate "2011.07.22"]

1. d4 Nf6 2. c4 e6 3. Nf3 c5 4. d5 b5 5. Bg5 exd5 6. cxd5 d6 7. e4 a6 8. Bd3
Be7 9. a4 Nxd5 10. Bxe7 Qxe7 11. axb5 Nf4 12. O-O O-O 13. Nc3 Bb7 14. Re1 axb5
15. Rxa8 Bxa8 16. Bxb5 Qf6 17. Qd2 Nc6 18. Rd1 Rd8 19. Bc4 Nb4 20. Qe3 Nc2 21.
Qd2 Nb4 22. Qe3 Nc2 23. Qd2 1/2-1/2

[Event "CZECH OPEN 2011 "]
[Site "Pardubice (CZE)"]
[Date "2011.07.26"]
[Round "5.74"]
[White "Sabol, Marian"]
[Black "Bente, Bjoern"]
[Result "1/2-1/2"]
[WhiteElo "2372"]
[BlackElo "2226"]
[PlyCount "97"]
[EventDate "2011.07.22"]

1. Nf3 Nf6 2. d4 g6 3. g3 d5 4. Bg2 Bg7 5. O-O O-O 6. c4 dxc4 7. Qc2 c5 8. Qxc4
cxd4 9. Nxd4 e5 10. Nb5 Be6 11. Qc7 Nc6 12. Qxb7 Rb8 13. Qxc6 Bd7 14. Qc7 Bxb5
15. Qxd8 Rfxd8 16. Nc3 Ba6 17. Rb1 Rdc8 18. Be3 Rc7 19. h3 Bf8 20. f4 Bc5 21.
Bxc5 Rxc5 22. Rbd1 Ne8 23. Rd7 Rc7 24. Rxc7 Nxc7 25. b3 Nb5 26. Nxb5 Rxb5 27.
e4 Rc5 28. Rf2 Rc3 29. Kh2 exf4 30. gxf4 f6 31. e5 Kf7 32. Rd2 fxe5 33. Rd7+
Ke6 34. Rxa7 Bd3 35. fxe5 Kxe5 36. Ra4 g5 37. Bf3 Bb1 38. Kg3 h5 39. Ra5+ Kf6
40. Ra6+ Kf5 41. Ra5+ Kf6 42. Kf2 Rc2+ 43. Ke3 Rxa2 44. Rxa2 Bxa2 45. b4 g4 46.
hxg4 hxg4 47. Bxg4 Ke5 48. b5 Kd6 49. Kd4 1/2-1/2

[Event "CZECH OPEN 2011 "]
[Site "Pardubice (CZE)"]
[Date "2011.07.26"]
[Round "5.75"]
[White "Majer, Jiri"]
[Black "Sarkozy, Ladislav"]
[Result "1-0"]
[WhiteElo "2217"]
[BlackElo "2364"]
[PlyCount "95"]
[EventDate "2011.07.22"]

1. d4 f5 2. Nf3 Nf6 3. g3 g6 4. Bg2 Bg7 5. O-O O-O 6. c4 d6 7. Nc3 c6 8. b3 Qa5
9. Bb2 e5 10. e3 e4 11. Ne1 d5 12. Qd2 Be6 13. Nxe4 Qd8 14. Nc5 Bc8 15. cxd5
cxd5 16. Nf3 b6 17. Nd3 Ne4 18. Qc2 Ba6 19. Rfc1 Nd7 20. Nb4 Rc8 21. Qd1 Bb7
22. Rxc8 Qxc8 23. Rc1 Qb8 24. Nc6 Qa8 25. Nce5 Ndf6 26. Ba3 Rc8 27. Bb2 Qb8 28.
Bf1 Rc7 29. Bd3 Qc8 30. Rxc7 Qxc7 31. Qc2 Qd6 32. Qc1 Bf8 33. Ne1 Qb4 34. f3
Ng5 35. Qc3 Qd6 36. Nc2 Qd8 37. Be2 Nd7 38. Nb4 Nxe5 39. dxe5 d4 40. Qc4+ Kg7
41. Bxd4 Nxf3+ 42. Bxf3 Bxf3 43. e6+ Kh6 44. Nc6 Qd6 45. Ne5 Qd5 46. Nxf3 Qxf3
47. Qf1 Qg4 48. Bf6 1-0

[Event "CZECH OPEN 2011 "]
[Site "Pardubice (CZE)"]
[Date "2011.07.26"]
[Round "5.80"]
[White "Krapivin, Vladislav"]
[Black "Linster, Philippe"]
[Result "1-0"]
[WhiteElo "2354"]
[BlackElo "2195"]
[PlyCount "163"]
[EventDate "2011.07.22"]

1. e4 e5 2. Nc3 Nf6 3. Nf3 Nc6 4. Bb5 Nd4 5. Nxd4 exd4 6. e5 dxc3 7. exf6 Qxf6
8. dxc3 Qe5+ 9. Be2 Bc5 10. O-O O-O 11. Bd3 d5 12. Re1 Qf6 13. Be3 Bxe3 14.
Rxe3 g6 15. Qd2 Be6 16. Rf3 Qh4 17. g3 Qh5 18. Qf4 Rae8 19. Re3 c5 20. Re5 Qg4
21. Qf6 b6 22. Rae1 Qa4 23. h4 Qd7 24. h5 Qd8 25. Qxd8 Rxd8 26. hxg6 hxg6 27.
Bxg6 Kg7 28. Bf5 Bxf5 29. Rxf5 Rfe8 30. Rfe5 Rxe5 31. Rxe5 Kf6 32. Re2 Rd7 33.
Kf1 Kf5 34. f3 f6 35. Rh2 Kg5 36. Rh8 d4 37. cxd4 Rxd4 38. Ke2 Rd7 39. g4 Re7+
40. Kf2 Rd7 41. Rh5+ Kg6 42. Ke2 Re7+ 43. Kf2 Rd7 44. Rh2 f5 45. Kg3 Rd1 46. b3
fxg4 47. Kxg4 c4 48. Re2 cxb3 49. cxb3 Kf6 50. Rc2 Rd7 51. f4 Rg7+ 52. Kf3 Re7
53. Rh2 Kf5 54. Rh5+ Kf6 55. Rd5 Rc7 56. Ke3 Rc2 57. Rd2 Rc7 58. Rd6+ Kf5 59.
Rd5+ Kf6 60. Kd3 Ke6 61. Rh5 Kf6 62. a4 Ke6 63. Ke4 Rc3 64. Rh6+ Ke7 65. Kf5
Rxb3 66. Rh7+ Kd8 67. Rxa7 Rc3 68. Kg5 Rc5+ 69. f5 Rc6 70. Ra6 Rc4 71. Kg6 Rg4+
72. Kf6 Rf4 73. Ra8+ Kd7 74. Kg6 Rg4+ 75. Kf7 Rh4 76. f6 Rg4 77. Ra7+ Kd8 78.
Ke6 Re4+ 79. Kd5 Rf4 80. f7 Rf1 81. Kc6 Rf6+ 82. Kb5 1-0